LEADER 01109nam a2200253 i 4500 001 000000151126 003 CaOOAMICUS 005 20130109000000.0 008 130109s2004 it u000 u spa u 013 $a128464 020 $a88-222-5351-5 040 $aSeMil$bita 245 10$aLiber de causis :$bindice y concordancia /$crealizado por Paloma Llorente Megías, con la colaboración de Mercè Otero Vidal. 260 $aFirenze :$bLeo S. Olschki,$c2004. 300 $aX, 300 p. ;$c25 cm. 490 0 $aLessico intellettuale europeo ;$v93 700 1 $aOtero Vidal, Merce.$0(OLS)http://semarc/name/59474 700 1 $aPaloma Llorente, Megias.$0(OLS)http://semarc/name/59473 830 0$aLessico intellettuale europeo ;$v93.$0(OLS)http://semarc/title/10848 850 $aSeMil 852 $aSeMil$W1$xVenegono$y1$m505 7 93 *$j103167$B103167$CSeMilBibl$Z2$F112217 $81 996 $6020$a88-222-5351-5$9(OLS)http://semarc/number/140665 996 $6245$aLiber de causis :$bindice y concordancia$9(OLS)http://semarc/title/220915 996 $6260$aFirenze :$bLeo S. Olschki$9(OLS)http://semarc/publisher/29957 LEADER 01412nam a2200313 4500 001 000000348293 003 CaOOAMICUS 005 20241115100621.0 008 211029s2021 it 000 u ita r 020 $a978-88-10-56925-2 040 $aSeMil$bita 100 1 $aBello, Antonio,$c.$0(OLS)http://semarc/name/4578 245 13$aLa turba dei risorti /$cTonino Bello ; presentazione di Vito Angiuli. 264 1$aBologna :$bEDB,$c2021. 300 $a69 p. ;$c18 cm 490 1 $aLe ispiere 541 0 $aOmaggio mons. Mario Delpini 650 4$aBello, Antonio - Scritti, discorsi, omelie, lettere pastorali, etc.$0(OLS)http://semarc/subject/1652 650 4$aPace - Educazione.$0(OLS)http://semarc/subject/22297 700 1 $aAngiuli, Vito,$c.$0(OLS)http://semarc/name/16731 830 3$aLe ispiere.$0(OLS)http://semarc/title/400375 850 $aSeMil 852 $aSeMil$W1$xVenegono$y1$m3N I 762$j229950$B239344$CSeMilBibl$Z2$F239344 $81 941 1 $a7 961 $aOmaggio mons. Mario Delpini. -- Con dedica autografa di Vito Angiuli a mons. Mario Delpini (20 maggio 2021) 996 $6020$a978-88-10-56925-2$9(OLS)http://semarc/number/294439 996 $6245$aLa turba dei risorti$9(OLS)http://semarc/title/437683 996 $6264$aBologna :$bEDB$9(OLS)http://semarc/publisher/29669